| 000 | 01855cam a22004214i 4500 | ||
|---|---|---|---|
| 003 | PE-LiUPU | ||
| 005 | 20250731173127.0 | ||
| 008 | 150623s r 000 0 d | ||
| 035 | _a(Sirsi) a26172 | ||
| 040 |
_aPE-LiUPU _bspa _cPE-LiUPU _erda |
||
| 082 | 0 | 4 |
_a220 _bA57 _221 |
| 100 | 1 |
_aAndrew, Brother, _eautor. |
|
| 245 | 1 | 0 |
_aGod's smuggler / _cBrother Andrew. |
| 264 | 1 |
_aOld Tappan, New Jersey : _bSpire Book, _c1972. |
|
| 300 |
_a224 páginas ; _c18 cm. |
||
| 336 |
_atext _2rdacontent |
||
| 337 |
_aunmediated _2rdamedia |
||
| 338 |
_avolume _2rdacarrier |
||
| 505 | 0 | _aWhat's happening now. -Smoke and bread crusts. The yellow straw hat. The pebble in the shell. One stormy night. The step of yes. -The game of the royal way. Behind the iron curtain. The cup of suffering. The foundations are laid. Lanterns in the dark. The third prayer. Counterfeit church. To the rim of the inner circle. Abraham the Giant Killer. The greenhouse in thegarden. The work begins to expand. Russia at first glance. For Russia with love. Bibles to the Russian pastors. The awakening dragon. Twelve apostle of hope. | |
| 526 | _aSEG42 | ||
| 526 | _aSEG41 | ||
| 526 | _aSEG40 | ||
| 526 | _aSEG39 | ||
| 526 | _aP94 | ||
| 526 | _aP87 | ||
| 526 | _aP86 | ||
| 526 | _aP85 | ||
| 526 | _aP77 | ||
| 526 | _aP76 | ||
| 526 | _aP35 | ||
| 630 |
_aBiblia _xPublicación y distribución _zEuropa. |
||
| 650 | 0 | 4 |
_aMisiones _zEuropa Oriental. |
| 942 |
_2ddc _cBOOK |
||
| 949 |
_a220 A57 _wDEWEY _c1 _i51453 _lCCODEBUL1 _mBUL _p5.00 _r0 _sY _tBOOK _u2015-06-24 _xTEOLOGIA _PP35 _0COMPRA _o.STAFF. Colección General |
||
| 596 | _a1 | ||
| 999 |
_a220 A57 _wDEWEY _c33174 _i51453 _f2021-11-11 _g5 _lCCODEBUL1 _mBUL _p5.00 _r0 _sY _tBOOK _u2015-6-24 _xTEOLOGIA _PP35 _0COMPRA _o.STAFF. Colección General _d33174 |
||
| 980 |
_81 _gALBERTO SANCHEZ Responsable de Automatización |
||